000 00792nam a2200205Ia 4500
003 GCL
008 140319s9999 xx 000 0 ara d
040 _aGCL /
_cGCL
082 0 4 _a091.1
_bل ف
100 1 _aعدنان جواد الطعمة (مترجم)
245 1 0 _aفهرس المخطوطات العربية فى المكتبة الوطنية النمساوية: الرياضيات /
_cعدنان جواد الطعمة (مترجم)
700 1 _aلوبيشتان، هيلينة
260 _a[S.N] :
_bمركز المخطوطات والتراث والوثائق ،
_c1990
300 _a44 ص
490 _aسلسلة الفهارس العالمية
_v0
650 0 4 _aالمخطوطات العربية
650 0 4 _aالمخطوطات
650 0 4 _aالنمسا
942 _2ddc
_cBK
999 _c35259
_d35259